Szczegóły MARC21

Ubezpieczenia w transporcie i komunikacji /

003 -Nazwa inst., której nr kontr. jest w polu 001 [,]
    • @
    • Nazwa instytucji, której n kontrolny jest w polu 001
    • NUKAT
005 -DATA I CZAS OSTATNIEJ MODYFIKACJI [,]
    • @
    • pole kontrolne
    • 20241231113057.0
020 -Międzynarod. znormalizowany nr książki - ISBN [ , ]
    • a
    • Numer ISBN
    • 8386326131 Find
040 -Instytucja sporządzająca opis [ , ]
    • a
    • Instytucja, która sporządziła opis (NP)
    • NUKAT
    • c
    • Instytucja, która sporządziła rekord (NP)
    • WA U/EAD
942 -Rodzaj dokumentu [ , ]
    • c
    • Rodzaj dokumentu
    • Książka
100 -Hasło główne - nazwa osobowa [1, ]
    • a
    • Nazwa osobowa (NP)
    • Górski, Władysław
    • d
    • Daty biograficzne (NP)
    • (1917-2015).
    • 9
    • KHW
    • 38282
245 -Strefa tytułu i oznaczenia odpowiedzialności [1,0]
    • a
    • Tytuł
    • Ubezpieczenia w transporcie i komunikacji / Find
    • c
    • Pozostałe elementy strefy tytułu i oznaczenia odpowiedzialności (NP)
    • Władysław Górski.
260 -Strefa adresu wydawniczego [ , ]
    • a
    • Miejsce wydania (P)
    • Zielona Góra :
    • b
    • Nazwa wydawcy (P)
    • Agencja Rozwoju Regionalnego,
    • c
    • Data wydania (P)
    • 1995.
300 -Strefa opisu fizycznego [ , ]
    • a
    • Określenie formy książki i/lub objętość (NP)
    • 135 s. ;
    • c
    • Format (NP)
    • 21 cm.
336 -Typ zawartości [ , ]
    • a
    • Termin opisujący typ zawartości
    • Tekst
    • b
    • Kod określający zawartość
    • txt
    • 2
    • Źródło (terminu i kodu)
    • rdacontent
337 -Typ mediów [ , ]
    • a
    • Tryb odtwarzania
    • Bez urządzenia pośredniczącego
    • b
    • Kod typu mediów
    • n
    • 2
    • Źródło (terminu i kodu)
    • rdamedia
338 -Typ/rodzaj nośnika [ , ]
    • a
    • Hasło opisujące typ nośnika
    • Wolumin
    • b
    • Kod typu nośnika
    • nc
    • 2
    • Źródło (terminu i kodu)
    • rdacarrier
504 -Uwaga dot. bibliogr. załącznikowej [ , ]
    • a
    • Uwaga dot. bibliografii załącznikowej
    • Bibliogr. s. 134-135.
080 -Uniwersalna Klasyfikacja Dziesiętna [ , ]
    • a
    • Symbol klasyfikacji
    • 368
    • 9
    • UKD
    • 3797
    • 2
    • Identyfikator wydania tablic
    • UDC-P058
    • b
    • Dopowiedzenie
    • Ubezpieczenia dobrowolne (nie wynikające ze stosunku pracy). Ubezpieczenia gospodarcze.
650 -Hasło przedmiotowe [ ,7]
    • a
    • Hasło przedmiotowe
    • Transport i komunikacja
    • x
    • Określnik rzeczowy
    • ubezpieczenia
    • v
    • Określnik formalny
    • podręczniki akademickie.
    • 2
    • Źródło terminu
    • kaba
    • 9
    • KHW
    • 359195
650 -Hasło przedmiotowe [ ,7]
    • a
    • Hasło przedmiotowe
    • Ubezpieczenie transportowe
    • z
    • Określnik geograficzny
    • Polska.
    • 2
    • Źródło terminu
    • kaba
    • 9
    • KHW
    • 359194
980 -Symbol UKD [ , ]
    • a
    • UKD
    • 368
920 -ISBN [ , ]
    • a
    • ISBN
    • 83-86326-13-1 Find
Lokalizacja Data inwentaryzacji Status udost. Numer inwentarzowy Sygnatura
BE1996-04-18-3S.78512 
BE1996-04-182S.78513 
BE1996-04-182S.78514 
BE1996-05-09-2E.63561 
BE1996-05-096S.78518 
BG1998-09-071Z.92219Z.92219
BG1998-09-07-3W.194863 
BSA1996-04-181SA.6955SA.6955
BSA1996-04-181SA.6956SA.6956/u
T1996-05-09-11TS.78519 
T1996-05-09-11TS.78520 
T1996-05-09-11TS.78521 
T1999-03-19-6T.477 
T1999-03-19-3T.478 
T1999-03-19-3T.479 
T2000-08-22-3T.3057 
T1996-05-09-3TS.78517 
T1996-05-09-3TS.78516